000 00667nam a2200157 4500
001 7817
005 20181127184429.0
020 0 0 _a9780826477040
100 0 0 _aHeidegger, Martin.
245 0 0 _aThe Essence of Truth:
_bOn Plato's Cave Allegory and Theaetetus /
_cMartin Heidegger; Ted Sadler
_h
260 0 0 _aNew York :
_bContinuum International Publishing Group Ltd,
_c2002.
300 0 0 _axv, 253 pages. ; 20 cm.
520 _aOffers the most thorough explanation of the most fundamental and abiding theme in Heidegger's philosophy: the relationship of an individual's existence to truth.
650 0 0 _aPHILOSOPHY / Epistemology.
_x
999 _c6709
_d6709